00346nam a2200133Ia 4500008004100000041000800041082001400049100002000063245004500083260004300128300002400171365001100195440000600206240624s9999 xx 000 0 und d aeng a658.8 MOH aMOHSIN MUHAMMAD aENCYCLOPAEDIA OF BRAND EQUITY MANAGEMENT c2009aMumbaibHimalaya Books Pvt. Ltd. a304 : p. : cm. ; 22 cRSb25 v2